| 000 | 00490nam a2200133 4500 | ||
|---|---|---|---|
| 020 | _a9780202308579 | ||
| 082 |
_a157.8 _bGAR |
||
| 100 | _aGardner, William I. | ||
| 245 |
_aBehaviour modification in mental retardation : the educational and rehabilitation of the mentally retarded adolescent and adult _cWilliam I. Gardner |
||
| 260 |
_aNew Brunswick _bAdline Transaction _c2010 |
||
| 300 |
_aix,379p.; _c23cm. |
||
| 650 | _aPeople with mental disabilities-Behavior modification | ||
| 942 | _cBK | ||
| 999 |
_c16589 _d16589 |
||